000 00563nam a2200181Ia 4500
008 190805s9999||||xx |||||||||||||| ||und||
020 _a9780070700710
_cRs. 795.00
082 0 4 _a330
_bSa498
100 1 _aSamuelson, Paul A.
245 1 0 _aEconomics /
_cPaul A. Samuelson and William D. Nordhaus
250 _a19th ed.
260 _aChennai :
_bMcGraw Hill Education India,
_c2010, reprinted 2016
300 _axlviii, 916 p.
_b : charts
_c; 24 cm.
650 0 _aEconomics
_vTextbooks
700 1 _aNordhaus, William D.
942 _cBK
999 _c172
_d172